000 00804nam a22002417a 4500
001 30650
003 UA-OsUOA
005 20210827150727.0
007 ta
008 20041111b un ||||| |||| 00| 0 ukr d
040 _aUA-OsUOA
_brus
_cUA-OsUOA
_dUA-OsUOA
041 _arus
044 _aRU
080 _a821(091)(470+157)
090 _a821(091)(470+157)
_bС59
100 _aСоколов А. Г.
245 _aИстория русской литературы конца XIX начала XX века
_bучебник для филологических спец. университетов
260 _aМосква
_bВысшая школа
_c1984
300 _a360 с.
_bил.
650 7 _2UDC
_a82 Література. Літературознавство
942 _cBK
_2udc
955 _a2
999 _c317064
_d317064